| 000 | 00708nac a22002171ca4500 | ||
|---|---|---|---|
| 001 | a987694134 | ||
| 008 | 200615m19281929gw |||| 000u ger d | ||
| 041 | _ager | ||
| 245 | 0 | 0 |
_aProtokoll Sechster Weltkongress der Kommunistischen Internationale : _bMoskau, 17. Juli-1. September 1928 |
| 246 | 1 | 0 | _aProtokoll des 6. Weltkongresses der Kommunistischen Internationale |
| 250 | _aReprint Feltrinelli 1967 | ||
| 264 |
_aHamburg : _bVerlag Carl Hoym Nachfolger, _c1928-1929 |
||
| 300 | _a4 Bände | ||
| 650 | 0 | _aKommunistische Internationale. Congress | |
| 651 | 0 | _aSowjetunion | |
| 710 | 2 | _aKommunistische Internationale | |
| 942 | _cMG | ||
| 040 | _cRU-10907106 | ||
| 003 | RU-10907106 | ||
| 999 |
_c30410 _d30410 |
||